Central Library OPAC University of Rajshahi

Collectivist economic planning : (Record no. 3635)

MARC details
000 -LEADER
fixed length control field 01364cam a22003131 4500
001 - CONTROL NUMBER
control field 3635
003 - CONTROL NUMBER IDENTIFIER
rucl marc code BD-RjUL
005 - DATE AND TIME OF LATEST TRANSACTION
control field 20211208233748.0
008 - FIXED-LENGTH DATA ELEMENTS--GENERAL INFORMATION
fixed length control field 131219r1963 enka b 000 0 eng
035 ## - SYSTEM CONTROL NUMBER
System control number (BD-RjUL)3669
System control number (OCoLC)2891213
040 ## - CATALOGING SOURCE
Original cataloging agency DLC
Transcribing agency ScU
Modifying agency ScU
-- NcRS
-- OCoLC
-- DLC
-- BD-RjUL
Language of cataloging eng
041 ## - LANGUAGE CODE
Language code of text/sound track or separate title eng
082 ## - DEWEY DECIMAL CLASSIFICATION NUMBER
Classification number 335
Author mark and year HAC 1963
Edition number 23
100 1# - MAIN ENTRY--PERSONAL NAME
Personal name Hayek, Friedrich A. von
Fuller form of name (Friedrich August),
Dates associated with a name 1899-1992,
9 (RLIN) 3508
245 10 - TITLE STATEMENT
Title Collectivist economic planning :
Remainder of title critical studies on the possibilities of socialism /
Statement of responsibility, etc. by N. G. Pierson, Ludwig von Mises, Georg Halm, and Enrico Barone; edited, with an introduction and a concluding essay, by F. A. von Hayek.
260 ## - PUBLICATION, DISTRIBUTION, ETC. (IMPRINT)
Place of publication, distribution, etc. London :
Name of publisher, distributor, etc. G. Routledge ,
Date of publication, distribution, etc. 1935 [impression 1963]
300 ## - PHYSICAL DESCRIPTION
Pagination v, 293 p. :
Illustrations ill. ;
Size 22 cm.
504 ## - BIBLIOGRAPHY, ETC. NOTE
Bibliography, etc "Selected bibliography": p. 291-293.
650 #0 - SUBJECT ADDED ENTRY--TOPICAL TERM
Topical term or geographic name as entry element Socialism.
9 (RLIN) 11520
Topical term or geographic name as entry element Collectivism.
9 (RLIN) 6169
700 1# - ADDED ENTRY--PERSONAL NAME
Personal name Pierson, N. G.
Fuller form of name (Nikolaas Gerard),
Dates associated with a name 1839-1909.
Personal name Von Mises, Ludwig,
Dates associated with a name 1881-1973.
Personal name Halm, George N.
Fuller form of name (George Nikolaus),
Dates associated with a name 1901-1984.
Personal name Barone, Enrico,
Dates associated with a name 1859-1924.
856 ## - ELECTRONIC LOCATION AND ACCESS
Uniform Resource Identifier <a href="http://www.worldcat.org/title/collectivist-economic-planning-critical-studies-on-the-possibilities-of-socialism/oclc/847788800&referer=brief_results">http://www.worldcat.org/title/collectivist-economic-planning-critical-studies-on-the-possibilities-of-socialism/oclc/847788800&referer=brief_results</a>
942 ## - ADDED ENTRY ELEMENTS (KOHA)
Source of classification or shelving scheme Dewey Decimal Classification
Koha item type Books
Holdings
Lost status Source of classification or shelving scheme Damaged status Not for loan Collection code Permanent Location Current Location Shelving location Date acquired Source of acquisition Cost, normal purchase price Total Checkouts Full call number Date last seen Copy number Koha item type
  Dewey Decimal Classification     Non-fiction Central Library, University of Rajshahi Central Library, University of Rajshahi   05/06/1968 Zeitlinger 25.00   335 HAC 1963 19/12/2013 C-5 Books
  Dewey Decimal Classification   Not For Loan Non-fiction Central Library, University of Rajshahi Central Library, University of Rajshahi Reading Room 25/01/1956 Suip mar. 0.16   335 HAC 1950 21/12/2013 C-1 Books
  Dewey Decimal Classification     Non-fiction Central Library, University of Rajshahi Central Library, University of Rajshahi   04/02/1956 ABC 13.00   335 HAC 1950 21/12/2013 C-2 Books
  Dewey Decimal Classification     Non-fiction Central Library, University of Rajshahi Central Library, University of Rajshahi   18/10/1962 Zeithlinger 18.00   335 HAC 1956 21/06/2016 C-4 Books
  Dewey Decimal Classification     Non-fiction Central Library, University of Rajshahi Central Library, University of Rajshahi   18/10/1962 Zeithlinger 18.00   335 HAC 1950 21/06/2016 C-6 Books
  Dewey Decimal Classification     Non-fiction Central Library, University of Rajshahi Central Library, University of Rajshahi   18/10/1962 Zeithlinger 18.00   335 HAC 1951 21/06/2016 C-7 Books
  Dewey Decimal Classification     Non-fiction Central Library, University of Rajshahi Central Library, University of Rajshahi   05/06/1968 Zeithlinger 25.00   335 HAC 1963 25/06/2016 C-8 Books